The Second World War and the Americas - Statistics

General Stats
  • This quiz has been taken 12 times
  • The average score is 11 of 15
Answer Stats
Hint Answer % Correct
What "war" came after the Second World War? The Cold War
100%
What was the name of the project that aimed to develop the atomic bomb? The Manhattan Project
100%
Which country was the "arsenal of democracy"? according to FDR? United States
100%
Which general commanded Operation Overlord? (the Allied landing into France) Dwight D. Eisenhower
92%
Which battle was a turning point in the Pacific theater of war in favor of the US? The Battle of Midway
92%
Which country was the "aerodrome of democracy" according to FDR? Canada
83%
Which president came after President Roosevelt? Harry S. Truman
83%
Which minority was interned in the United States due to fears of espionage? Japanese Americans
83%
Name one of the "Big Three". Roosevelt | Stalin | Churchill
83%
Which Latin American country only joined the war in March 1945 due to intense pressure from the US? Argentina
75%
When did the attack on Pearl Harbor happen? (month and year) December 1941
75%
What was the name of the broader series of economic policies implemented by Roosevelt to revive the US economy during the Great Depression? The New Deal
75%
In which town was the above tested? Los Alamos
50%
What day did the war end in Europe? May 8th, 1945
42%
What legislation prevented the US from joining the war earlier? The Neutrality Act
8%
No matching quizzes found
Score Distribution
Percent of People with Each Score
Percentile by Number Answered
Your Score History
You have not taken this quiz